00622nam a2200205 a 450000100060000000300090000600800410001504000280005608200140008410000270009811000570012524500490018226000510023130000100028249000330029265000170032565000140034265000360035665000240039212532CO-ViMGA141112s2004 ck r 000 u spa d aCO-ViMGAbspacCO-ViMGA04a070.7 P371 aTroyano, Guzman Hector aSecretaria Ejecutiva del Convenio Andres Bello SECAB10aPeriodismo Cultural y Cultura del Periodismo aBogotá : bFundacion Konrad Adenauer, c1993 a394p. aArea de Comunicación SECAB14aCONFERENCIAS14aCONGRESOS14aENSEÑANZA - América DEL SUR14aPERIODISMO CULTURAL